Pulimavum Njanum/ (Record no. 174216)

000 -LEADER
fixed length control field 00540nam a22001937a 4500
020 ## - INTERNATIONAL STANDARD BOOK NUMBER
ISBN 9789391946142
082 ## - DEWEY DECIMAL CLASSIFICATION NUMBER
Classification number M 894.814 092
Item number IND/P
100 ## - MAIN ENTRY--AUTHOR NAME
Personal name Indira Lankesh
245 ## - TITLE STATEMENT
Title Pulimavum Njanum/
Statement of responsibility, etc by Indira Lankesh
260 ## - PUBLICATION, DISTRIBUTION, ETC. (IMPRINT)
Place of publication Kottayam:
Name of publisher Sahithya Pravarthaka Cooperative Society,
Year of publication 2022.
300 ## - PHYSICAL DESCRIPTION
Number of Pages 158p.
650 ## - SUBJECT ADDED ENTRY--TOPICAL TERM
Topical Term Biography Indira Lankesh
650 ## - SUBJECT ADDED ENTRY--TOPICAL TERM
Topical Term Biography Literary Writer
650 ## - SUBJECT ADDED ENTRY--TOPICAL TERM
Topical Term Biography
650 ## - SUBJECT ADDED ENTRY--TOPICAL TERM
Form subdivision Literature Kannada
650 ## - SUBJECT ADDED ENTRY--TOPICAL TERM
Form subdivision Literature
700 ## - ADDED ENTRY--PERSONAL NAME
Personal name Sudhakaran Ramanthali (tr.)
942 ## - ADDED ENTRY ELEMENTS (KOHA)
Koha item type Book
Holdings
Withdrawn status Lost status Damaged status Not for loan Permanent Location Current Location Shelving location Date acquired Cost, normal purchase price Full call number Accession Number Price effective from Koha item type
        Sree Sankaracharya University of Sanskrit Sree Sankaracharya University of Sanskrit Stacks 02.03.2023 200.00 M 894.814 092 IND/P 103073 02.03.2023 Book